Indian music literature /

Saved in:
Bibliographic Details
Main Author: Haroon, Mohammed, 1950-
Format: Book
Language:English
Published: Delhi : Indian Bibliographies Bureau, 1991.
Subjects:
LEADER 00948nam a2200277 a 4500
001 c000383821
003 CARM
005 00000000000000.0
008 911002s1991 ii b 00100 eng
010 |a 91901488 /MN 
019 1 |a 8504973  |5 LACONCORD2021 
020 |a 8185004285 :  |c Rs390.00 
035 |a (OCoLC)24324038  |5 LACONCORD2021 
040 |a VDU  |c VDU 
043 |a a-ii--- 
050 0 0 |a ML120.I5  |b H37 1991 
082 0 4 |a 780/.954  |2 20 
100 1 |a Haroon, Mohammed,  |d 1950- 
245 1 0 |a Indian music literature /  |c Mohammed Haroon. 
260 |a Delhi :  |b Indian Bibliographies Bureau,  |c 1991. 
300 |a vi, 144 p. ;  |c 25 cm. 
500 |a Includes index. 
650 0 |a Music  |z India  |x Bibliography. 
852 8 |b CARM  |h A3:AI11F0  |i C12521  |p 0477067  |f BK 
999 f f |i b3ea56fd-cb01-52e4-90cc-7a0cce3c013b  |s 7e2eef49-0461-57ca-aa99-69093caca540 
952 f f |p Can circulate  |a CAVAL  |b CAVAL  |c CAVAL  |d CARM 1 Store  |e C12521  |f A3:AI11F0  |h Other scheme  |i book  |m 0477067